000 00467nam a2200181Ia 4500
001 4293
005 20260306145745.0
008 260306t2002||||xx |||||||||||||| ||spa||
041 _aESP
082 _a320.5
_bA75
100 _aArnaudo, Florencio José
_eAUT
245 0 _aTres visiones del mundo:
_bliberalismo, marxismo y socialcristianismo
260 _c2002
300 _a269 páginas :
_c23 cm.
650 _aGEN
654 _aCDE
942 _cLIB
_dJUS
_fJUS
_2ddc
_n
999 _c4293
_d4293